000 01736cam a22005054i 4500
003 PE-LiUPU
005 20250731165639.0
008 150616s r 000 0 d
020 _a1850755256
035 _a(Sirsi) i9781850755258
040 _aPE-LiUPU
_bspa
_cPE-LiUPU
_erda
049 _aPRUA
082 0 4 _a221.07
_bJ
_221
245 0 4 _aThe Pitcher is Broken.
_n190.
264 1 _aSheffeild, Gran Bretaña :
_bSheffiel Academic Press,
_c1995.
300 _a474 páginas :
_bIlustraciones ;
_c22 centímetros
336 _atext
_2rdacontent
337 _aunmediated
_2rdamedia
338 _avolume
_2rdacarrier
490 0 _aJourn. for the Study of the Old Test. Supplem. Series ;
_v190
505 0 _aEstudio de Gösta Ahlström.
526 _aSEG44
526 _aSEG26
526 _aP151
526 _aP150
526 _aP149
526 _aP146
526 _aP145
526 _aP126
526 _aP125
526 _aP92
526 _aP75
526 _aP74
526 _aP27
526 _aP15
650 0 4 _aAHLSTRÖM, GÖSTA - ESTUDIO.
700 1 _aHolloway, Steven W.,
_eeditor.
910 _ajck
_bjvq
_cjck
942 _2ddc
_cBOOK
949 _aRC 221.07 J 190
_wDEWEY
_c1
_i40191
_lCCODEBUL1
_mBUL
_r0
_sY
_tBOOK
_u2015-6-16
_xTEOLOGIA
_zUNKNOWN
_0COMPRA
_o.CIRCNOTE. No olvidar cambiar la fecha de devolución!!!!!!!
_o.STAFF. Colección General
994 _aC0
_bPEPRU
596 _a1
999 _aRC 221.07 J 190
_wDEWEY
_c57987
_i40191
_f2021-11-8
_g6
_lCCODEBUL1
_mBUL
_r1
_sY
_tBOOK
_u2015-6-16
_xTEOLOGIA
_zUNKNOWN
_0COMPRA
_o.CIRCNOTE. No olvidar cambiar la fecha de devolución!!!!!!!
_o.STAFF. Colección General
_d57987
980 _81
_gALBERTO SANCHEZ Responsable de Automatización